[Event "Landesliga U20 Sued 1718"]
[Site "Bayern"]
[Date "2018.01.27"]
[Round "5.2"]
[White "Kling, Maximilian"]
[Black "Rahmani, Leondrit"]
[Result "1/2-1/2"]
[WhiteElo "1756"]
[BlackElo "1552"]
[PlyCount "65"]
[EventDate "2017.11.18"]
[EventType "team-tourn"]
[EventRounds "7"]
[EventCountry "GER"]
[SourceTitle "EXT 2022"]
[Source "ChessBase"]
[SourceDate "2021.10.06"]
[SourceVersion "1"]
[SourceVersionDate "2021.10.06"]
[SourceQuality "1"]
[WhiteTeam "Kriegshaber SK U20"]
[BlackTeam "Unterhaching U20"]
[WhiteTeamCountry "GER"]
[BlackTeamCountry "GER"]

1. e4 c5 2. Nf3 d6 3. Bb5+ Bd7 4. Bxd7+ Qxd7 5. 0-0 Nc6 6. c3 Nf6 7. Re1 e6 8. d4 0-0-0 9. a3 d5 10. e5 Ne4 11. b4 cxb4 12. cxb4 Kb8 13. Nbd2 Nxd2 14. Bxd2 a6 15. Qb3 Qc7 16. a4 Qb6 17. b5 Rd7 18. Qd3 Nb4 19. Qb3 a5 20. Rec1 h6 21. Qe3 Rc7 22. Ne1 Be7 23. Rxc7 Qxc7 24. Rc1 Qb6 25. Nd3 Bg5 26. f4 Nxd3 27. Qxd3 Be7 28. Qc3 Bb4 29. Qd3 Bxd2 30. Qxd2 Rc8 31. Rxc8+ Kxc8 32. Qc3+ Kd7 33. Kf2 1/2-1/2

[Event "Landesliga U20 Sued 1617"]
[Site "Bayern"]
[Date "2017.01.21"]
[Round "4.4"]
[White "Rahmani, Leondrit"]
[Black "Pfluger, Maximilian"]
[Result "1-0"]
[WhiteElo "1511"]
[BlackElo "936"]
[PlyCount "55"]
[EventDate "2016.11.12"]
[EventType "team-tourn"]
[EventRounds "7"]
[EventCountry "GER"]
[SourceTitle "EXT 2022"]
[Source "ChessBase"]
[SourceDate "2021.10.06"]
[SourceVersion "1"]
[SourceVersionDate "2021.10.06"]
[SourceQuality "1"]
[WhiteTeam "Unterhaching U20"]
[BlackTeam "Weilheim U20"]
[WhiteTeamCountry "GER"]
[BlackTeamCountry "GER"]

1. e4 e6 2. d4 d5 3. Nd2 c5 4. exd5 exd5 5. dxc5 Bxc5 6. Nb3 Be7 7. Nf3 Nf6 8. Be2 0-0 9. 0-0 Nc6 10. Re1 Re8 11. Bf4 h6 12. h3 Bd6 13. Qd2 Bxf4 14. Qxf4 b6 15. Bb5 Rxe1+ 16. Rxe1 Bb7 17. Nfd4 Nxd4 18. Nxd4 Rc8 19. c3 Qc7 20. Qh4 a6 21. Bd3 Re8 22. f3 Rxe1+ 23. Qxe1 Qd7 24. Qe5 Qd8 25. Nf5 b5 26. Qg3 Qf8 27. Nxh6+ Kh8 28. Ng4 1-0